00342nam a22001097a 450000500170000000800410001702000180005810000330007624500580010926000430016730000220021020260115110709.0260115b |||||||| |||| 00| 0 eng d a9789352695072 a Sharma Devendra Kumard2020 aIntellectual Property Crimec/ Devendra Kumar Sharma  aNew Delhi;bRandom Publications;c2020 a24cmcviii; 264p.